000 00979nam a2200229Ii 4500
003 JO-AjNU
008 230605s9999||||xx |||||||||||||| ||und||
017 _a1996/11081
020 _a977-01-50010
040 _aJO-AjNU
_bara
_erda
_cJO-AjNU
041 _aara
050 1 4 _aDS63.1.K4712 1997
100 3 _aتاليف كير، مالكوم؛ ترجمة عبد الرؤوف احمد عمرو,
_eauthor
_957085
245 0 0 _aعبد الناصر والحرب العربية الباردة 1958-1970/ THE ARAB COLD WAR GAMAL ABD AL-NASIR AND HIS RIVAL,S 1958-1970
264 3 1 _aالقاهرة: الهيئية المصرية العامة للكتاب، 1997
300 _a295ص
336 _atext
_btxt
_2rdacontent
337 _aunmediated
_bn
_2rdamedia
338 _avolume
_bnc
_2rdacarrier
490 0 _aتاريخ المصريين (96)
650 4 _aمصر - تاريخ- جمال عبد الناصر - البلاد العربية - سياسة وحكومة - مصر
_957086
999 _aA25560
_c29128
_d29128